MARC

LEADER 00000nas1a2200000 4500
001 184664
005 20231031172450.0
011 |a 0202-7461 
035 |a (RuTPU)RU\TPU\book\200269 
090 |a 184664 
100 |a 20100917b19751991k y0rusy50 ca 
101 0 |a rus 
102 |a RU 
110 |a zyuzz 0uu0 
200 1 |a Проблемы геометрии  |f Академия наук СССР (АН СССР), Всесоюзный институт научной и технической информации (ВИНИТИ) 
210 |a Москва  |c Изд-во ВИНИТИ  |d 1975-1991 
225 1 |a Итоги науки и техники. Проблемы геометрии 
305 |a Издается с 1975 г. 
712 0 2 |a Академия наук СССР (АН СССР)  |b Всесоюзный институт научной и технической информации (ВИНИТИ)  |c (Москва)  |c (1955-1991)  |2 stltpush  |3 (RuTPU)RU\TPU\col\8361 
801 1 |a RU  |b 63413507  |c 20100917 
801 2 |a RU  |b 63413507  |c 20231011  |g RCR 
942 |c CR